Még mindig nem működik a szegedi állami tisztviselők beszerzési csoportja
Elmentve itt :
| Dokumentumtípus: | Cikk |
|---|---|
| Megjelent: |
1917-11-20
|
| Sorozat: | Délmagyarország
6 No. 269 |
| Kulcsszavak: | Szociálpolitika Szeged, Közellátás |
| Online Access: | http://dmarchiv.bibl.u-szeged.hu/43843 |
| LEADER | 00472nab a2200145 i 4500 | ||
|---|---|---|---|
| 001 | delm43843 | ||
| 005 | 20180927131945.0 | ||
| 008 | 180927s1917 hu o 0|| hun d | ||
| 040 | |a SZTE Délmagyarország Archívum |b hun | ||
| 041 | |a hun | ||
| 245 | 0 | 0 | |a Még mindig nem működik a szegedi állami tisztviselők beszerzési csoportja |h [elektronikus dokumentum] |
| 260 | |c 1917-11-20 | ||
| 300 | |a 3 | ||
| 490 | 0 | |a Délmagyarország |v 6 No. 269 | |
| 695 | |a Szociálpolitika Szeged, Közellátás | ||